00422nam a2200157 450000500170000002000180001708200170003508400250005210000240007724500450010126000330014630000100017965000300018970000300021970000150024920260423151624.0 a9780367205737 a930.1bCHE.T 2Colon Classification aCheverko, Colleen M aTheoretical Approaches in Bioarchaeology aNew York:bRoutledge;c2021. a210p. aJulia R Prince Buitenhuys aJulia R Prince-Buitenhuys aMark Hubbe